Inteligencias múltiples : (Registro nro. 65799)
[ vista simple ]
| 000 -LEADER | |
|---|---|
| fixed length control field | 01344cam a2200349 i 4500 |
| 001 - CONTROL NUMBER | |
| control field | 65799 |
| 003 - CONTROL NUMBER IDENTIFIER | |
| control field | Mx-PuUPA |
| 005 - DATE AND TIME OF LATEST TRANSACTION | |
| control field | 20240507134620.0 |
| 008 - FIXED-LENGTH DATA ELEMENTS--GENERAL INFORMATION | |
| fixed length control field | 160712s2015 mx gr 001 0 spa d |
| 020 ## - INTERNATIONAL STANDARD BOOK NUMBER | |
| International Standard Book Number | 9786077470557 |
| 040 ## - CATALOGING SOURCE | |
| Original cataloging agency | Mx-PuUPA |
| Language of cataloging | spa |
| Transcribing agency | Mx-PuUPA |
| Modifying agency | Mx-PuUPA |
| Description conventions | rda |
| 041 1# - LANGUAGE CODE | |
| Language code of text/sound track or separate title | spa |
| Language code of original | eng |
| 100 1# - MAIN ENTRY--PERSONAL NAME | |
| Personal name | Gardner, Howard, |
| Dates associated with a name | 1943- |
| Relator term | autor |
| 9 (RLIN) | 2321 |
| 240 14 - UNIFORM TITLE | |
| Uniform title | Multiple inteligencies. The theory in practice. |
| Language of a work | Español |
| 245 10 - TITLE STATEMENT | |
| Title | Inteligencias múltiples : |
| Remainder of title | la teoría en la práctica / |
| Statement of responsibility, etc. | Howard Gardner ; traducción de María Teresa Melero Nogués |
| 250 ## - EDITION STATEMENT | |
| Edition statement | Primera edición |
| 264 #1 - PRODUCTION, PUBLICATION, DISTRIBUTION, MANUFACTURE, AND COPYRIGHT NOTICE | |
| Place of production, publication, distribution, manufacture | Ciudad de México : |
| Name of producer, publisher, distributor, manufacturer | Editorial Paidós, |
| Date of production, publication, distribution, manufacture, or copyright notice | 2015 |
| 300 ## - PHYSICAL DESCRIPTION | |
| Extent | 383 páginas ; |
| Dimensions | 23 cm |
| 336 ## - CONTENT TYPE | |
| Content type term | texto |
| Fuente | rdacontent |
| Content type code | txt |
| 337 ## - MEDIA TYPE | |
| Media type term | sin medio |
| Source | rdamedia |
| Media type code | n |
| 338 ## - CARRIER TYPE | |
| Carrier type term | volumen |
| Source | rdacarrier |
| Carrier type code | nc |
| 490 0# - SERIES STATEMENT | |
| Series statement | Biblioteca Howard Gardner ; |
| Volume/sequential designation | 5 |
| 650 #7 - SUBJECT ADDED ENTRY--TOPICAL TERM | |
| Source of heading or term | armarc |
| Topical term or geographic name entry element | Inteligencias múltiples |
| 650 #7 - SUBJECT ADDED ENTRY--TOPICAL TERM | |
| Source of heading or term | armarc |
| Topical term or geographic name entry element | Aprendizaje |
| 650 #7 - SUBJECT ADDED ENTRY--TOPICAL TERM | |
| Topical term or geographic name entry element | Educación |
| General subdivision | Filosofía |
| Source of heading or term | armarc |
| 700 1# - ADDED ENTRY--PERSONAL NAME | |
| Personal name | Melero Nogués, María Teresa, |
| Relator term | traductor |
| 765 0# - ORIGINAL LANGUAGE ENTRY | |
| Main entry heading | Gardner, Howard, 1943- |
| Title | Multiple inteligencies. The theory in practice. |
| Place, publisher, and date of publication | Nueva York : Basic Books, 1993 |
| 942 ## - ADDED ENTRY ELEMENTS (KOHA) | |
| Source of classification or shelving scheme | Dewey Decimal Classification |
| Koha item type | Libro |
| Classification part | 370.1523 |
| Item part | G212 |
| Withdrawn status | Lost status | Source of classification or shelving scheme | Damaged status | Not for loan | Collection code | Home library | Current library | Shelving location | Date acquired | Source of acquisition | Total Checkouts | Total Renewals | Full call number | Barcode | Date last seen | Date last checked out | Price effective from | Koha item type | Cost, normal purchase price | Copy number | Cost, replacement price |
|---|---|---|---|---|---|---|---|---|---|---|---|---|---|---|---|---|---|---|---|---|---|
| Dewey Decimal Classification | General | Biblioteca Karol Wojtyla | Biblioteca Karol Wojtyla | Sala general | 12/07/2016 | Compra | 10 | 2 | 370.152 GAR 2015 | 95962 | 05/01/2026 | 12/10/2022 | 18/07/2016 | Libro | |||||||
| Dewey Decimal Classification | General | Biblioteca Karol Wojtyla | Biblioteca Karol Wojtyla | Sala general | 06/05/2024 | 1 | 370.1523 G212 2015 | 104589 | 05/01/2026 | 06/05/2024 | Libro | 304.00 | Ej.2 | 304.00 | |||||||
| Dewey Decimal Classification | General | Biblioteca Karol Wojtyla | Biblioteca Karol Wojtyla | Sala general | 06/05/2024 | 1 | 370.1523 G212 2015 | 104590 | 05/01/2026 | 06/05/2024 | Libro | 304.00 | Ej.3 | 304.00 | |||||||
| Dewey Decimal Classification | Consulta en sala | General | Tehuacán | Tehuacán | Sala general | 27/06/2016 | Compra | 1 | 370.152 GAR 2015 | 510230 | 08/01/2025 | 23/04/2019 | 27/06/2016 | Reserva permanente |